Aku Ankka hahmot ilmestymisien mukaan - Statistics

Yleistilastot
  • Tätä visaa on pelattu 54 kertaa
  • Keskiarvotulos 30 / 150
Vastaustilastot
Hint Vastaus % Oikein
12191 Aku Ankka
100%
6301 Roope-setä
100%
8096 Tupu Hupu ja Lupu
100%
3353 Iines Ankka
98%
3399 Hessu
94%
4553 Mikki Hiiri
94%
1472 Hannu Hanhi
90%
1315 Minni Hiiri
86%
1346 Mummo Ankka
84%
2036 Karhukopla
78%
644 Milla Magia
76%
867 Pluto
76%
2706 Pelle Peloton
73%
834 Hansu
71%
637 Poliisimestari Sisu
69%
285 Leenu Liinu ja Tiinu
67%
202 Kulta-Into Pii
65%
528 Heluna
59%
499 Kroisos Pennonen
57%
656 Musta Pekka
57%
722 Touho Ankka
57%
164 Mustakaapu
55%
362 Taikaviitta
55%
380 Teppo Tulppu
53%
793 Mortti ja Vertti
51%
390 Polle Koninkaulus
49%
190 Pulivari
47%
552 Neiti Näpsä
45%
384 Taavi Ankka
45%
289 Matami Mimmi
39%
890 Pikku apulainen
39%
82 Eka Vekara
31%
946 Iso Paha Susi
31%
200 Superhessu
31%
202 Riitta Hanhi
27%
265 Kaasi
25%
202 Karhuvaari
24%
848 Pikku Hukka
24%
111 Klaara Kotko
22%
13 Atomiinus
20%
709 Veli Ponteva
20%
107 Velmu Viurusilmä
20%
65 Julle Ankanpää
18%
67 P.J. Petkunterä
18%
470 Taku
16%
471 Tiku
16%
7 Touko-Serkku
16%
26 Tuplanolla
16%
687 Veli Huilu
16%
594 Veli Nalle
16%
685 Veli Viulu
16%
92 Hertta
14%
17 Palle Pulppu
14%
495 Pepi
14%
235 Pikku Hiawatha
14%
127 Pikku-Pelle
14%
381 Pormestari
14%
67 Säästöpää
14%
21 Viitatar
14%
64 Kuuno Kaakkuri
12%
154 Lievistö
12%
339 Mikko Repolainen
10%
30 Parta-Jussi
10%
263 Veli Kani
10%
51 Zapotek
10%
14 Fantom Ankka
8%
75 Indiana Hopo
8%
30 Intellektuelli-176
8%
27 Joppe
8%
21 Karvakatti
8%
55 Kisumisu
8%
251 Korri
8%
22 Lauri Lokki
8%
15 Lumikki
8%
24 Rankku Kanuuna
8%
29 Reino Murske
8%
76 Vili
8%
13 Fergus McAnkka
6%
68 Hekla Velho
6%
62 Jose Carioca
6%
105 Kaunotar
6%
29 Kenraali Nuuh
6%
110 Kulkuri
6%
45 Marlin
6%
97 Moby Ankka
6%
58 Pikku-Aku
6%
667 Sudenpennut
6%
126 Sudenpentujen Kenraali
6%
194 Suuri Päällikkö
6%
58 Tohtori Staattinen
6%
31 Una
6%
125 Auringonkukka
4%
54 Dumbo
4%
23 Figaro
4%
76 Huli
4%
12 Mowgli
4%
35 Pinokkio
4%
65 Pupu Söpö
4%
50 Samu Sirkka
4%
33 Tarmo
4%
14 Unkka T. Kumiankka
4%
77 Elviira
2%
5 Hanhikki
2%
158 Jeri
2%
24 Kaivanto
2%
15 Karhumuori
2%
17 Kia K
2%
15 Lasse
2%
11 Lipi Luikuri
2%
14 Lusku
2%
41 Mokkasiina
2%
10 Peter Pan
2%
9 Petteri Peloton
2%
23 Peukaloiset
2%
9 Rehtori Ärmy
2%
37 Roopen Vakoojat Vesuviuksella
2%
33 Timotei
2%
36 Tohtori Dawson
2%
21 Veli Pesikarhu
2%
40 Basil Hiiri
0%
7 Bruno
0%
4 James Ankka
0%
4 Jarru Haukka
0%
13 Jori J
0%
96 Joulupukki
0%
3 Kähmy Ankka
0%
10 Kamaraiset ja Tantereiset
0%
6 Kapteeni Koiramo
0%
28 Kapteeni Koukku
0%
44 Kille
0%
62 Kille Kilpikonna
0%
17 Koutsi
0%
8 Kukka
0%
19 Kuusnelonen
0%
22 Lissu
0%
20 Luiru
0%
37 Marius
0%
1 Marko Rotta
0%
18 Miksu
0%
30 Mustakuono
0%
43 Nipa Näätä
0%
54 Ossian Ötökkä
0%
8 Pääsiäispupu
0%
32 Ponu
0%
15 Roosa Pippuri
0%
16 Rouva Hallikainen
0%
5 Saku Sammakko
0%
28 Suvi
0%
18 Tepi
0%
35 Veka
0%
Ehtoja vastaavia visoja ei löytynyt
Tulosjakauma
Jokaisen tuloksen saaneiden osuus
Persentiili vastausten määrän mukaan
Tuloshistoriasi
Et ole pelannut tätä visaa